00985cam a2200289 i 450000100090000000300090000900500170001800800410003502000180007604000330009408200240012710000390015124500670019026400300025726400100028730000300029749000170032750400520034465000290039665000390042565100100046465300330047465500170050794200120052499900170053695201420055318230147EG-ScBUE20241009123757.0140717t2014 sz f b 001 0 eng d a9783319095899 aDLCbengerdacDLCdEG-ScBUE04a515.2433bBRÉ2221 aBrémaud, Pierre,eauthor.93832410aFourier analysis and stochastic processes /bPierre Brémaud, 1aCham :bSpringer,c[2014] 4cc2014 axiii, 385 pages ;c24 cm.0 aUniversitext aIncludes bibliographical references and index.  7aFourier analysis.2BUEsh 7aStochastic processes.2BUEsh92923 2BUEsh bENGGENcJune2015cAugust2015 vReading book 2ddccBB c19845d19817 00102ddc40708AlahramaMAINbMAINc1STd2015-06-23ePurchaseg579.00h337l0o515.2433 BREp000038699r2025-07-15 00:00:00v723.75yBB